| 000 | 01094nam a22002417a 4500 | ||
|---|---|---|---|
| 999 |
_c6931 _d6931 |
||
| 003 | OSt | ||
| 005 | 20240702123338.0 | ||
| 008 | 160428s2012 sp ||||| |||| 00| 0 cat d | ||
| 040 |
_bcat _cCDMR |
||
| 110 | 2 |
_9133 _aCol·legi de Periodistes de Catalunya |
|
| 245 | 1 | 0 |
_aMemòria d'actuació _c/ Col·legi de Periodistes de Catalunya |
| 260 |
_aBarcelona : _bCol·legi de Periodistes de Catalunya _c2010- |
||
| 300 |
_av. _c29 cm |
||
| 310 | _aAnual | ||
| 362 | _a2010- | ||
| 500 | _aDescripció del recurs: el 27 d'abril de 2016 | ||
| 500 | _aDescripció feta a partir de: any 2012 | ||
| 610 | 2 | 4 |
_9133 _aCol·legi de Periodistes de Catalunya |
| 650 | 0 | 4 |
_93172 _aPeriodisme _zCatalunya |
| 650 | 0 | 0 |
_9216 _aAssociacions de professionals i tècnics _zCatalunya |
| 856 | 4 | 0 |
_uhttps://omeka.periodistes.cat/items/browse?search=&advanced%5B0%5D%5Belement_id%5D=&advanced%5B0%5D%5Btype%5D=&advanced%5B0%5D%5Bterms%5D=&range=&collection=&type=&user=&tags=memoria+anual&public=&featured=&exhibit=&submit_search=Cerca+%C3%ADtems&sort_field=Dublin+Core%2CCreator _yDisponible en línia |
| 942 |
_cSER _2udc |
||